| 000 | 00877nam a2200205 i 4500 | ||
|---|---|---|---|
| 001 | 55552 | ||
| 003 | ES-MaACL | ||
| 005 | 20250824025711.0 | ||
| 007 | t| | ||
| 008 | 030923s1968 ec ||||1| spa d | ||
| 100 | 1 |
_aDescalzi, Ricardo. _943834 |
|
| 245 | 1 | 0 |
_aHistoria crítica del teatro ecuatoriano / _cRicardo Descalzi. |
| 260 |
_aQuito : _bCasa de la Cultura Ecuatoriana, _c1968. |
||
| 300 |
_a6 v. ; _c19 cm. |
||
| 505 | 8 | _aContiene: 1. De los orígenes a 1902 - 2. Los románticos, desde 1905 a 1926 - 3. Los realistas y surrealistas, desde 1927 a 1935 - 4. Los simbolistas, desde 1936 a 1953 - 5. Los expresionistas y neosurrealisas, desde 1954 a 1964 - 6. Los neo-expresionistas, desde 1965 a 1967 | |
| 650 | 7 |
_aTeatro ecuatoriano _2embne _9173364 |
|
| 710 | 2 |
_aCasa de la Cultura Ecuatoriana. _9173358 |
|
| 852 |
_aES-MaACL _jL-1095-100 |
||
| 999 |
_c55552 _d55552 |
||